000 01107nam a22002657a 4500
999 _c64463
_d64463
005 20240530110733.0
008 180515s2006 ua a g 000 0 ara d
017 _a2005/20976
_bمصر. دار الكتب
020 _a9774080637
040 _aEG-CaGPL
_cEG-CaGPL
082 0 4 _221
_a155.26 /
_bأ ت
100 1 _aامند، كارين كريستين
245 1 0 _aهكذا يصبح الطفل قائدا :
_bفن رعاية الموهبين /
_cتاليف كارين كريستين امند، مارى ستانسبرى ؛اعداد قسم الترجمة بدار الفاروق
250 _aط.1
260 _aالقاهرة :
_bدار الفاروق للنشر والتوزيع،
_c2006.
300 _a304 ص. :
_bايض ؛
_c24 سم.
490 0 _aمهارات الادارة الحديثة.
650 0 7 _2qrmak
_aالخط
651 _2qrmak
653 _aخط اليد - تحليل
700 1 _aستانسبرى، مارى
_eمؤلف مشارك
710 1 _aقسم الترجمة بدار الفاروق
_eاعداد
942 _2ddc
_cBK